000
00234nam a2200097Ia 4500
001
1107202
005
20250827003453.0
008
250824s9999 xx 000 0 und d
245
0
_a
SEL
_c
YAVUZ BAHADIROĞLU
260
_b
NESİL YAYINEVİ
999
_c
1107202
_d
1107202